|
|
|
|
| LEADER |
00000nab a2200000ua 4500 |
| 001 |
vtls010801694 |
| 003 |
SK-MaSNL |
| 005 |
20260303103603.0 |
| 008 |
230121s2011 xo |||||||||||||||||slo| |
| 035 |
|
|
|a (urnnbn)urn:nbn:sk:snk:ar-a05jow
|
| 035 |
|
|
|a (uuid)8f307a6e-9637-4235-8234-a6be3c4b8f0b
|
| 035 |
|
|
|a urn:nbn:sk:snk-ab4txz
|
| 040 |
|
|
|a SNKBUCL
|b slo
|c SNKBUCL
|e AACR2
|
| 041 |
0 |
|
|a slo
|
| 044 |
|
|
|a xo
|c SK
|
| 100 |
1 |
|
|a Mackových, Alena
|4 aut
|9 1117529
|
| 245 |
1 |
0 |
|a SERÓZNE MENINGOENCEFALITÍDY
|c Alena Mackových, Igor Stankovič
|
| 700 |
1 |
|
|a Stankovič, Igor
|4 aut
|9 12261
|
| 773 |
0 |
|
|t Interná medicína
|g Roč. 11, č. 1 (2011), s. 16-20
|
| 954 |
|
|
|a odborná, vedecká literatúra pôvodná (slovenská)
|2 lita
|
| 958 |
|
|
|a OND
|
| 958 |
|
|
|a EUIPO
|
| 958 |
|
|
|a article3
|
| 999 |
|
|
|c 1850556
|d 1852486
|